000 01015cab a22002295a 4500
001 L152781
008 110427e20110423xxk 000 0 eng d
035 _a(Sirsi) u152781
041 0 _aeng
100 1 _aCunningham, Daniel
245 0 0 _aFocus
_bNorth East
260 _c2011
490 _aEstates Gazette
_v(1116) 23 April 2011, 43-55(11)
520 _aPlans for developing Newcastle-upon Tyne as a centre for science get the green light, Sunderland is the UK's boom town for business start ups according to Royal Mail, revival of manufacturing industires in Teeside towns of Redcar, Stockton-on Teesand Middlesbrough and the Tees Valley Enterprise Zone. Market in numbers includes office and industrial and retail Zone A rents in Newcastle-upon-Tyne, Sunderland and Durham.
520 _aIssue 1116 is missing
590 _aKA
651 4 _aTYNE AND WEAR
690 _aPROPERTY-COMMERCIAL PROPERTY-COMMERCIAL PROPERTY MARKET
700 1 _aWhitten, Nick
700 1 _aThame, David
942 _n0
_2ddc
999 _c83087
_d83087